| 000 | 00676aam a2200277 4500 | ||
|---|---|---|---|
| 005 | 20251215130553.0 | ||
| 008 | 150305b1995 xxu||||| |||| 00| 0 spa d | ||
| 020 | _a9682442397 | ||
| 041 | _aESP | ||
| 082 | _a363.73 A193c | ||
| 100 | _aAdame Romero, Aurora | ||
| 245 | _aContaminación ambiental | ||
| 260 | _aMéxico | ||
| 260 | _bTrillas | ||
| 260 | _c1995 | ||
| 300 | _a65 páginas | ||
| 490 | _aTurismo | ||
| 650 | _aCONTAMINACIÓN AMBIENTAL | ||
| 650 | _aCONTAMINACIÓN | ||
| 650 | _aTIPOS DE CONTAMINACION | ||
| 650 | _aCONTAMINACIÓN AIRE | ||
| 650 | _aCONTAMINACIÓN AGUA | ||
| 650 | _aCONTAMINACIÓN SUELO | ||
| 942 |
_cBK _2ddc |
||
| 999 |
_c867 _d867 |
||